01209nam a22002657a 45000010005000000030006000050050017000110080041000280200018000690400029000870500016001160820011001321000043001432450117001862500041003032600031003443000040003755050007004155200394004225210018008165210018008346500023008526500037008757000031009127319FISKH20250709115320.0250709b cb ||||| |||| 00| 0 eng d a9781402713187 aFISKHbengcFISKHdFISKH aPZ7.T1289 T a 813.6 aStevenson, Louis Robertd(1850–1894) aTreasure island /cRetold from the Robert Louis Stevenson ; Original by Chris Tait ; Illustrated by Lucy Corvino aThis edition first published in 2005 aWindsor :bSterling,c2005 a150 pages :billustrations ;c20 cm aN  aA shipwreck; a deserted island; a single family, wondering if they can survive. Rich in suspense and surprises, The Swiss Family Robinson entices young readers to come along on a wonderful adventure, where each moment brings a new thrill. Featuring amazingly resourceful characters and a wondrous landscape bursting with exotic wildlife and plants, it's an irresistible tale of ingenuity. 8 a570 bLexile 8 aN bRaz-Plus  2AdventureaPirates 2Juvenile fictionaClassic Starts aCornivo, Lucydillustrator